000 00295nam a22001337a 4500
008 170201b xxu||||| |||| 00| 0 eng d
020 _a9780763745127
041 _aeng
080 _a61
100 _a3
101 _aSHM
245 _aDELIVERY HEALTH CARE IN AMERICA
_cDOUGLAS
942 _2udc
_cBK
999 _c4227
_d4227